Kuchelavrutham Aattakkatha (Record no. 47861)

MARC details
000 -LEADER
fixed length control field 00376nam a2200145Ia 4500
008 - FIXED-LENGTH DATA ELEMENTS--GENERAL INFORMATION
fixed length control field 211109s9999||||xx |||||||||||||| ||und||
082 ## - DEWEY DECIMAL CLASSIFICATION NUMBER
Classification number 398
Item number MUR-K
100 ## - MAIN ENTRY--PERSONAL NAME
Personal name Muringoor, Sankaran Potti
245 #0 - TITLE STATEMENT
Title Kuchelavrutham Aattakkatha
260 ## - PUBLICATION, DISTRIBUTION, ETC.
Name of publisher, distributor, etc. D c Books
Place of publication, distribution, etc. Kottayam
Date of publication, distribution, etc. 1989
300 ## - PHYSICAL DESCRIPTION
Extent 75p.
630 ## - SUBJECT ADDED ENTRY--UNIFORM TITLE
General subdivision GENERAL STACK
650 ## - SUBJECT ADDED ENTRY--TOPICAL TERM
Topical term or geographic name entry element Social Sciences
942 ## - ADDED ENTRY ELEMENTS (KOHA)
Koha item type BOOK
650 ## - SUBJECT ADDED ENTRY--TOPICAL TERM
Form subdivision Folklore
Holdings
Withdrawn status Lost status Damaged status Not for loan Home library Current library Date acquired Cost, normal purchase price Total Checkouts Full call number Barcode Shelving location Date last seen Price effective from Koha item type
        SB LIBRARY SB LIBRARY 09/11/2021 100.00   398 MUR-K 00089950 GENERAL STACK 09/11/2021 09/11/2021 BOOK

Powered by Koha